| 000 | 00000nam 2200000zi 4500 |
| 001 | 9.919540 |
| 003 | CaOODSP |
| 005 | 20241118142720 |
| 006 | m o d f |
| 007 | cr mn||||||||| |
| 008 | 230126t20232023quca o f000 0 eng d |
| 020 | |a9780660473079 |
| 040 | |aCaOODSP|beng|erda|cCaOODSP |
| 043 | |an-cn--- |
| 086 | 1 |aEn4-94/9-2023E-PDF |
| 245 | 00|aTank tip 9 : |bwithdrawal and removal of storage tank systems. |
| 250 | |a[2023 edition]. |
| 264 | 1|a[Gatineau, Quebec] : |bEnvironment and Climate Change Canada = Environnement et changement climatique Canada, |c[2023] |
| 264 | 4|c©2023 |
| 300 | |a1 online resource (2 unnumbered pages) : |bcolour illustration |
| 336 | |atext|btxt|2rdacontent |
| 337 | |acomputer|bc|2rdamedia |
| 338 | |aonline resource|bcr|2rdacarrier |
| 500 | |aIssued also in French under title: Sachez stocker 9 : mise hors service et enlèvement de systèmes de stockage. |
| 650 | 0|aOil storage tanks|xLaw and legislation|zCanada. |
| 650 | 0|aPetroleum products|xStorage|xLaw and legislation|zCanada. |
| 710 | 1 |aCanada. |bEnvironment and Climate Change Canada, |eissuing body. |
| 775 | 08|tSachez stocker 9 : |w(CaOODSP)9.919541 |
| 795 | |tTank tip 9 : |b(2019)|w(CaOODSP)9.869039 |
| 856 | 40|qPDF|s333 KB|uhttps://publications.gc.ca/collections/collection_2024/eccc/en4/En4-94-9-2023-eng.pdf |